| 000 | 01237nam a2200229 i 4500 | ||
|---|---|---|---|
| 001 | 184685 | ||
| 003 | ES-MaACL | ||
| 005 | 20251013234831.0 | ||
| 008 | 151113m17821790sp |||| | spa d | ||
| 245 | 0 | 0 |
_aColeccion de poesías castellanas / _ctraducidas en verso toscano, é ilustradas por el Conde D. Juan Bautista Conti ; tomo I [-tomo IV]. |
| 260 |
_aMadrid : _bImprenta Real, _c1782-1790. |
||
| 300 |
_a4 v. ([12], CCXXVII, [1], 151 p., [1] en bl. ; [12], X, 357, [2] p., [1] en bl. ; [18], LVII p., [1] en bl., 335 p., [1] en bl., [4] p. ; XXVII, [1], DVII [i.e. 537] p., [1] en bl.) ; _c22 cm. |
||
| 500 | _aPortadas encaradas en italiano-español. | ||
| 530 | _aDisponible en formato digital. | ||
| 546 | _aTexto paralelo italiano-español. | ||
| 594 | _aPortada en italiano: "Scelta di poesie castigliane tradotte in verso toscano e ilustrate dal conte Giovambatista Conti ; parte prima, Tomo I [-Tomo IV]" | ||
| 650 | 7 |
_aPoesías españolas _2embne _916214 |
|
| 700 | 1 |
_aConti, Giovanni Battista, _cconte, _d1741-1820 _9162984 |
|
| 852 |
_x _aBA _jR-1069-72 Olim: G-7116-9 |
||
| 856 |
_uhttp://bdh-rd.bne.es/viewer.vm?id=0000014008&page=1 _zBiblioteca Digital Hispánica |
||
| 999 |
_c184685 _d184685 |
||